| 000 | 00800cam a2200289 4500 | ||
|---|---|---|---|
| 008 | 090401t1996 xxu||||| |||| 00| 0 eng d | ||
| 020 | _a0117532835 | ||
| 035 | _a(Sirsi) u3601 | ||
| 041 | _aeng | ||
| 050 | _a711.309421 | ||
| 110 |
_aGovernment Office for London _92574 |
||
| 245 | _aStrategic guidance for London planning authorities. | ||
| 250 | _aRevised ed. | ||
| 260 |
_aLondon _bHMSO _c1996 |
||
| 300 | _a129p. : ill.,maps ; 30cm. | ||
| 350 | _a15.5 | ||
| 490 |
_aRPG _v3 |
||
| 650 | _aPLANNING GUIDANCE | ||
| 650 | _aREGIONAL PLANNING | ||
| 650 | _aRPG3 | ||
| 650 | _aSTRATEGIC PLANNING | ||
| 650 | _aUNITARY DEVELOPMENT PLANS | ||
| 690 | _aPLANNING LAW AND PRACTICE | ||
| 710 |
_aUnited Kingdom _bDepartment of the Environment _9982 |
||
| 942 | _n0 | ||
| 948 | _c04/03/1997 | ||
| 999 |
_c85907 _d85907 |
||